Elder Scrolls ALL Gods and Deities - Statistics

General Stats
  • This quiz has been taken 688 times
    687 since last reset
  • The average score is 44 of 87
Answer Stats
Groups Deity % Correct
Nine Divines Akatosh
93%
Nine Divines Talos
92%
Daedric Princes Azura
90%
Nine Divines Mara
88%
Daedric Princes Molag Bal
88%
Nine Divines Dibella
84%
Daedric Princes Mehrunes Dagon
84%
Daedric Princes Sheogorath
84%
Daedric Princes Boethiah
83%
Nord Deities Kyne
83%
Nine Divines Julianos
80%
Nine Divines Kynareth
80%
Nine Divines Stendarr
80%
Altmer Deities Xen
79%
Bosmer Deities Z'en
79%
Daedric Princes Hermaeus Mora
78%
Nine Divines Zenithar
78%
Daedric Princes Clavicus Vile
77%
Daedric Princes Malacath
77%
Daedric Princes Meridia
77%
Nine Divines Arkay
76%
Daedric Princes Hircine
76%
Daedric Princes Jyggalag
75%
Original Entities Padomay
74%
Dunmer Deities Vivec
73%
Daedric Princes Mephala
72%
Daedric Princes Namira
72%
Daedric Princes Sanguine
72%
Daedric Princes Nocturnal
71%
Daedric Princes Peryite
71%
Argonian Deities The Hist
70%
Daedric Princes Vaermina
70%
Other et'Ada Lorkhan
68%
Breton Deities Sheor
68%
Nord Deities Shor
68%
Dunmer Deities Almalexia
66%
Dunmer Deities Sotha Sil
64%
Original Entities Anu
59%
Altmer Deities Auri-El
59%
Bosmer Deities Auri-El
59%
Other et'Ada Magnus
58%
Nord Deities Alduin
57%
Dunmer Deities Dagoth Ur
57%
Dunmer Deities Nerevar
54%
Skaal Deities The All-Maker
53%
Dwemer Deities Numidium
48%
Imperial Deities Alessia
41%
Other et'Ada Trinimac
41%
Nord Deities Tsun
39%
Altmer Deities Y'ffre
39%
Bosmer Deities Y'ffre
39%
Breton Deities Y'ffre
39%
Original Entities Nir
36%
Imperial Deities Pelinal Whitestrake
36%
Khajiit Deities Jone
35%
Khajiit Deities Jode
34%
Imperial Deities Morihaus
33%
Imperial Deities Reman Cyrodiil
33%
Altmer Deities Xarxes
32%
Bosmer Deities Xarxes
32%
Altmer Deities Anuiel
31%
Nord Deities Ysmir
29%
Nord Deities Orkey
27%
Redguard Deities Ruptga
26%
Imperial Deities Shezarr
26%
Redguard Deities HoonDing
25%
Altmer Deities Phynaster
25%
Breton Deities Phynaster
25%
Redguard Deities Satakal
25%
Nord Deities Stuhn
25%
Skaal Deities The Adversary
25%
Redguard Deities Morwha
23%
Bosmer Deities Baan Dar
21%
Khajiit Deities Baan Dar
21%
Other Deities Ebonarm
21%
Other Deities Mannimarco
21%
Altmer Deities Syrabane
21%
Khajiit Deities Rajhin
18%
Redguard Deities Sep
18%
Other et'Ada Ehlnofey
16%
Redguard Deities Tu'whacca
16%
Khajiit Deities Khenarthi
14%
Redguard Deities Leki
14%
Other Deities The Ideal Masters
13%
Other Deities Sai
11%
Redguard Deities Tava
10%
Other Deities Sethiete
9%
No matching quizzes found
Score Distribution
Percent of People with Each Score
Percentile by Number Answered
Your Score History
You have not taken this quiz since the last reset